| 000 | 00782nmm a2200289 a 4500 | ||
|---|---|---|---|
| 003 | AR-BaBNM | ||
| 005 | 20251128204702.0 | ||
| 008 | 057119s1988 ||||||||||||||000 | spa|| | ||
| 040 | _cAR-BaBNM | ||
| 245 | 1 | 0 |
_a50 años de teatro uruguayo _bantología |
| 246 | 1 | _aCincuenta años de teatro uruguayo | |
| 260 |
_aMontevideo _bMinisterio de Educación y Cultura _c1988 |
||
| 300 | 0 |
_a409 p. _bil., láms. |
|
| 650 | 4 | _aLITERATURA LATINOAMERICANA | |
| 650 | 4 | _aTEATRO | |
| 650 | 4 | _aANTOLOGIAS | |
| 650 | 4 | _aESCRITORES | |
| 653 | 0 | _aLITERATURA URUGUAYA | |
| 653 | 0 | _aGROTESCO | |
| 653 | 0 | _aSAINETE | |
| 653 | 0 | _aCOSTUMBRISMO | |
| 655 | _aLITERATURA | ||
| 700 | 1 |
_aEscalante, Laura _ecompilador |
|
| 700 | 1 |
_aReta, Adela _eprologuista |
|
| 942 | _cBK | ||
| 998 | _cMARTIN | ||
| 999 |
_c8407 _d8407 |
||